Sideways look (Record no. 72066)

MARC details
000 -LEADER
fixed length control field 01220cam a2200265 4500
001 - CONTROL NUMBER
control field ABS66363
008 - FIXED-LENGTH DATA ELEMENTS--GENERAL INFORMATION
fixed length control field 030205n2003 000 0 eng u
035 ## - SYSTEM CONTROL NUMBER
System control number (Sirsi) u121255
100 ## - MAIN ENTRY--PERSONAL NAME
Personal name Vara, B.
245 ## - TITLE STATEMENT
Title Sideways look
260 ## - PUBLICATION, DISTRIBUTION, ETC.
Date of publication, distribution, etc. 2003
490 ## - SERIES STATEMENT
Series statement Estates Gazette
Volume/sequential designation (0301) 4 January 2003, 62-63(2)
520 ## - SUMMARY, ETC.
Summary, etc. Discusses the issue of side agreements and how subleases must be interpreted in the light of any side agreement. Outlines the recent case of "Homebase Ltd v Allied Dunbar Assurance plc" (CA Abs65749), where the practice of side agreements used by tenants to get round clauses prohibiting subletting on terms other than in the lease, was ruled by CA to be invalid. View judgment at www.bailii.org.
590 ## - LOCAL NOTE (RLIN)
Local note ABS
650 ## - SUBJECT ADDED ENTRY--TOPICAL TERM
Topical term or geographic name entry element SIDE AGREEMENTS
650 ## - SUBJECT ADDED ENTRY--TOPICAL TERM
Topical term or geographic name entry element SUBLEASES
650 ## - SUBJECT ADDED ENTRY--TOPICAL TERM
Topical term or geographic name entry element HOMEBASE LTD AND ANOTHER V ALLIED DUNBAR ASSURANCE PLC
650 ## - SUBJECT ADDED ENTRY--TOPICAL TERM
Topical term or geographic name entry element SUBLETTING
650 ## - SUBJECT ADDED ENTRY--TOPICAL TERM
Topical term or geographic name entry element COMMERCIAL TENANTS
650 ## - SUBJECT ADDED ENTRY--TOPICAL TERM
Topical term or geographic name entry element TAX ISSUES
690 ## - LOCAL SUBJECT ADDED ENTRY--TOPICAL TERM (OCLC, RLIN)
Topical term or geographic name as entry element LANDLORD AND TENANT-BUSINESS TENANCIES-CASE LAW
700 ## - ADDED ENTRY--PERSONAL NAME
Personal name Armstrong, C.
856 ## - ELECTRONIC LOCATION AND ACCESS
Uniform Resource Identifier <a href="https://www.bailii.org/cgi-bin/markup.cgi?doc=/ew/cases/EWCA/Civ/2002/666.html&query=Allied Dunbar">https://www.bailii.org/cgi-bin/markup.cgi?doc=/ew/cases/EWCA/Civ/2002/666.html&query=Allied Dunbar</a>
Public note View judgment on the BAILII website...
942 ## - ADDED ENTRY ELEMENTS (KOHA)
Suppress in OPAC 0
Holdings
Withdrawn status Lost status Source of classification or shelving scheme Damaged status Not for loan Home library Current library Shelving location Date acquired Total Checkouts Full call number Barcode Date last seen Copy number Price effective from Koha item type
    Dewey Decimal Classification     London London Journal article 05/02/2003   ABS66363 121255-1001 06/08/2019 1 06/08/2019 Journal article